000
00276nam a22001217a 4500
008
180922b xxu||||| |||| 00| 0 eng d
041
_a
eng
080
_a
541
100
_a
12
101
_a
KIM
245
_a
The Fundamentals of College Chemistry
_c
King, G.B
942
_2
udc
_c
BK
999
_c
48229
_d
48229